| 000 | 00853nas a2200313 4500 | ||
|---|---|---|---|
| 001 | BR7805980 | ||
| 003 | BR-BrBNA | ||
| 005 | 20231205083525.0 | ||
| 007 | ta | ||
| 008 | 230509b bl.|||p| |||| 00| 00por d | ||
| 040 |
_aBR-BrBNA _bpor _cBiblioteca Nacional de Agricultura |
||
| 041 | _a(Pt) | ||
| 072 | _aH70 | ||
| 100 | 1 | _aBitran, E.A. | |
| 245 | 1 | _aA importancia do controle de pragas de graos armazenados [arroz, milho, trigo, cafe, feijao, soja, sorgo, amendoim] | |
| 650 | _aGRAO | ||
| 650 | _aARROZ | ||
| 650 | _aAMENDOIM | ||
| 650 | _aMILHO | ||
| 650 | _aTRIGO | ||
| 650 | _aCAFE | ||
| 650 | _aFEIJAO | ||
| 650 | _aSORGO | ||
| 650 | _aSOJA | ||
| 650 | _aCONSERVACAO | ||
| 773 | 0 |
_tAgroquimica (Brazil) _xISSN 0100-6312 _g(1978), (no. 8) p. 20-26 _wBR7805980 |
|
| 909 |
_a202311 _bLúcia _c55 _dLúcia Elande |
||
| 942 |
_2AGRIS _n0 _cANA |
||
| 999 |
_c99382 _d99382 |
||